Cointegration in Macroecomic Systems

Na minha lista:
Detalhes bibliográficos
Autor principal: Kunst, Robert M.
Formato: Livro
Idioma:inglês
Publicado em: Wien Institut für Höhere Studien 1988
Edição:1. ed.
Colecção:Forschungsbericht/Research Memorandum Nr.248
Tags: Adicionar Tag
Sem tags, seja o primeiro a adicionar uma tag!

MARC

LEADER 00000nam a2200000 4500
001 c032257
005 20221206134122.2
041 0 |a eng 
044 |a AT 
245 1 0 |a Cointegration in Macroecomic Systems  |c Robert M. Kunst 
250 |a 1. ed. 
264 1 |a Wien  |b Institut für Höhere Studien  |c 1988 
300 |a 37 s. 
490 1 |a Forschungsbericht/Research Memorandum  |v Nr.248 
830 0 |a Forschungsbericht/Research Memorandum  |v Nr.248 
100 1 |a Kunst, Robert M.